| 000 | 00349nam a22001217a 4500 | ||
|---|---|---|---|
| 050 |
_aKF386 _b.K42 2011 |
||
| 100 | _aKaplan Bar Review | ||
| 245 |
_a1L edge program - day 1 : _bhead start workshop / _cKaplan Bar Review |
||
| 300 | _aiii, 187 p. : | ||
| 500 | _aIncludes index. | ||
| 650 |
_xBar examinations ; _xLaw ; _xUnited States. |
||
| 942 |
_2lcc _cGEN |
||
| 999 |
_c8897 _d8897 |
||